000 00447nam a2200157 i 4500
001 83766
003 ES-MaACL
005 20230906174904.0
007 t|
008 041118s1927 mx ||||1| spa d
100 1 _aIslas Bravo, Antonio.
_965578
245 1 3 _aLa sucesión presidencial de 1928 /
_cAntonio Islas Bravo.
260 _aMéxico :
_b[s.n.,
_c1927] (
_fManuel León Sánchez)
300 _a138 p. ;
_c19 cm.
852 _aES-MaACL
_jF-7947
999 _c83766
_d83766